|
|
|
|
| LEADER |
01052nam a22002777a 4500 |
| 001 |
36219 |
| 003 |
BD-DhAAL |
| 008 |
190925t1971 maua b ||1 | eng d |
| 999 |
|
|
|c 41421
|d 41421
|
| 040 |
|
|
|a BD-DhAAL
|
| 082 |
|
|
|a 530
|
| 245 |
|
|
|a Teacher's resource book [for] PSSC physics /
|c Uri Haber-Schaim ... [et al.]
|
| 250 |
|
|
|a Third edition
|
| 260 |
|
|
|a Lexington, Mass. :
|b Heath,
|c c1971
|
| 300 |
|
|
|a 462 pages :
|b illustrations ;
|c 27 cm
|
| 504 |
|
|
|6 Includes bibliographical references and index.
|
| 526 |
|
|
|a BIED
|
| 541 |
|
|
|a Complimentary copy from BIED
|e 36219
|
| 650 |
|
|
|a Physics.
|9 35341
|
| 700 |
|
|
|a Haber-Schaim, Uri,
|d 1926-
|9 35342
|
| 700 |
|
|
|a Cross, Judson B.
|9 35343
|
| 700 |
|
|
|a Dodge, John H.
|9 35344
|
| 700 |
|
|
|a Walter, James A.
|9 35345
|
| 852 |
|
|
|a Ayesha Abed Library
|c BIED Collection
|
| 942 |
|
|
|2 ddc
|c BK
|
| 952 |
|
|
|0 0
|1 0
|2 ddc
|4 0
|6 530_000000000000000_TEA
|7 0
|9 66520
|a BRACUL
|b BRACUL
|c GEN
|d 2019-09-25
|e Complimentary copy from BIED
|l 0
|o 530 TEA
|p 3010036219
|r 2019-09-25
|t 1
|w 2019-09-25
|y BK
|x Transferred from BIED to General Stacks
|